Il problema del lekton nello stoicismo antico. Origine e statuto di una nozione controversa.
Збережено в:
| Автор: | |
|---|---|
| Формат: | Книга |
| Мова: | Англійська |
| Опубліковано: |
Firenze, Italia:
Leo S. Olschki,
2013.
|
| Серія: | Lessico intellettuale europeo,
CXXI. |
| Предмети: | |
| Теги: |
Додати тег
Немає тегів, Будьте першим, хто поставить тег для цього запису!
|
MARC
| LEADER | 00000nam a22000007a 4500 | ||
|---|---|---|---|
| 003 | CL-VaPUC | ||
| 005 | 20220822114426.0 | ||
| 008 | 220307t2013 ||||| |||| 00| 0 eng d | ||
| 999 | |c 434735 |d 434733 | ||
| 020 | |a 978-88-222-6258-5 | ||
| 040 | |c Pontificia Universidad Católica de Valparaíso | ||
| 082 | 0 | 4 | |2 22 |a 188 ALE 2013 |
| 100 | 1 | |a Alessandrelli, Michele |e autore |9 867022 | |
| 245 | 1 | 3 | |a Il problema del lekton nello stoicismo antico. |b Origine e statuto di una nozione controversa. |
| 260 | |a Firenze, Italia: |b Leo S. Olschki, |c 2013. | ||
| 300 | |a VIII, 183 páginas. | ||
| 490 | 0 | |a Lessico intellettuale europeo, |v CXXI. | |
| 500 | |a c.1 Donación Familia Prof. Alejandro Guzmán Brito. | ||
| 583 | |c 20220307 |k Yessy Stephany Diaz Vidal | ||
| 650 | 1 | |a Lengua y lenguajes |x Estoicismo |9 869902 | |
| 650 | 1 | |a Filosofía estoica |x Escuelas filosóficas |x Historia |9 869903 | |
| 942 | |2 ddc |c BK |n 0 | ||
| 952 | |0 0 |1 0 |2 ddc |4 0 |6 188_000000000000000_ALE_2013 |7 1 |8 C_AGB |9 581735 |a BIBDER |b BIBDER |d 2022-03-07 |e Donación |i 564982K |o 188 ALE 2013 |p 564982K |r 2023-01-25 |t 1 |w 2022-03-07 |y BK_US |k AGB | ||